Sociology Family Studies Quiz Stats

 Plays Quiz not verified by Sporcle

Support Sporcle.
Go Orange.
Score 0/12 Timer 02:00
0 Plays Today
% Correct
Parsons
87.1%
Oakley
75.8%
Murdock
71%
Willmott and Young
66.1%
Zaretsky
62.9%
Delphy and Leonard
56.5%
Rapoport and Rapoport
48.4%
Dobash and Dobash
46.8%
Leach
41.9%
Edgell
40.3%
Millett
27.4%
Silva
21%

You're not logged in!

Compare scores with friends on all Sporcle quizzes.
OR
Log In

From the Vault

16-Letter Vocabulary (Hard)

by david6k

And now you can begin updating your lexicons.
Remove Ads.
Support Sporcle.
Get the best of Sporcle when you Go Orange. This ad-free experience offers more features, more stats, and more fun while also helping to support Sporcle. Thank you for becoming a member.

Show Comments

Extras

Created Feb 21, 2020ReportNominate
Tags:Family, Sociology, Study

Top Quizzes Today


Score Distribution

Your Account Isn't Verified!

In order to create a playlist on Sporcle, you need to verify the email address you used during registration. Go to your Sporcle Settings to finish the process.

Report this User

Report this user for behavior that violates our Community Guidelines.

Details: